| 000 | 01110nam a2200265Ia 4500 | ||
|---|---|---|---|
| 003 | OSt | ||
| 005 | 20221005112053.0 | ||
| 006 | a|||||r|||| 00| 0 | ||
| 007 | ta | ||
| 008 | 221004b |||||||| |||| 00| 0 hin d | ||
| 020 |
_a8188289345 (hbk) _c650 |
||
| 024 | _a108341 | ||
| 037 |
_b100, 23/03/2011, Motilal Banarsidass Publishers Pvt. Ltd. _cTextual |
||
| 040 |
_aCRL _cCRL _bhin |
||
| 041 |
_2hin _ahin |
||
| 082 | _aR6:g, 152P9 | ||
| 100 |
_aद्रविड़, नारायण शास्त्री _9162479 |
||
| 245 | 0 | _aभारतीय दर्शन की मूलगाामी समस्यायें | |
| 246 | _aBhāratīya darshan kī mūlagāāmī samasyāyean | ||
| 260 |
_aसागर _bविश्वविद्यालय प्रकाशन भारत _c2009 |
||
| 300 |
_a457पृ0 _ccm. |
||
| 650 | _aभारतीय दर्शन | ||
| 942 |
_hR6:g, 152P9 _cTEXL _2cc |
||
| 999 |
_c1023736 _d1023736 |
||